HP B1 C11 - Statistics

General Stats
  • This quiz has been taken 4 times
  • The average score is 22 of 49
Answer Stats
Term Answer % Correct
Venda Bandage
100%
Apostar Bet
100%
Comentarista Commentator
100%
Árbitro Referee
100%
Temporada Season
100%
Acero Steel
100%
Verdaderamente Truly
100%
Desgracia Unfortunate
100%
Por Desgracia Unfortunately
100%
A La Par Abreast
50%
Castor Beaver
50%
Prismáticos Binoculars
50%
Concernir Concern
50%
Rudeza Curtness
50%
Amanacer Dawn
50%
Descongelar Defrost
50%
Expresamente Expressly
50%
Llama Flame
50%
Falta Foul
50%
Escarcha Frost
50%
Destello Gleam
50%
Mal De Ojo Hex
50%
Maleficio Hex
50%
Imparcial Impartial
50%
Parentesco Kinship
50%
Aflojar Loosen
50%
Topo Mole
50%
Inquieto Restless
50%
Jinete Rider
50%
Enfundar Sheathe
50%
Estandarte Standard
50%
Crispado Tense
50%
Grada Tier
50%
Pitido Whistle Blast
50%
Suplente Alternate
0%
Magullar Bruise
0%
Rabillo Del Ojo Corner Of The Eye
0%
Gatear Crawl
0%
Apiñar Crowd
0%
Involucrar Involve
0%
Ofuscado Obfuscated
0%
Arrebato Outburst
0%
Pancarta Placard
0%
Resplandor Radiance
0%
Crispar Set On Edge
0%
Un Tanto Somewhat
0%
Rabillo Stalk
0%
Trazar Trace
0%
Consigo With Him
0%
No matching quizzes found
Score Distribution
Percent of People with Each Score
Percentile by Number Answered
Your Score History
You have not taken this quiz